000 00550nam a2200241 a 4500
001 nice12345678
003 IN_TiNIC
005 20260116011918.0
008 050524s0000 dela grp 000 0 urd
020 _a
_c3
082 0 0 _a297.52
_bAAS
100 _aAashiq Ilahi,
245 _aAaina-I-Namaaz
260 _aDelhi
_bTaj Publishers
_c0000
300 _a112p
500 _aincludes index and biblioraphy
505 2 _aIndex
650 _aIslam-Prayers
700 1 _aAashiq Ilahi,
902 _bSRS
942 _cBK
999 _c4888
_d4888